Statistics for Countries with the Most Selfies

Click here to take the quiz!

General Stats

  • This quiz has been taken 254 times
  • The average score is 14 of 24

Answer Stats

Selfies Country % Correct
2,395United States
97%
899United Kingdom
79%
215France
78%
208Canada
77%
159Germany
76%
138Spain
75%
366Brazil
70%
534Italy
70%
90Australia
68%
370Mexico
68%
136Sweden
56%
590Philippines
54%
90Norway
53%
132Netherlands
51%
90New Zealand
50%
82Greece
49%
70Denmark
47%
441Malaysia
46%
226Poland
45%
402Indonesia
44%
248Turkey
40%
139Israel
35%
106United Arab Emirates
23%
73Qatar
12%

Score Distribution

Percentile by Number Answered

Percent of People with Each Score

Your Score History

You have not taken this quiz